Hydraulic design in water resources engineering (Record no. 46045)

MARC details
000 -LEADER
fixed length control field 00486nam a2200133 a 4500
008 - FIXED-LENGTH DATA ELEMENTS--GENERAL INFORMATION
fixed length control field 120416s1986 xx |||||||||||||| || u
050 ## - LIBRARY OF CONGRESS CALL NUMBER
Classification number TS 621 Hyd
100 ## - MAIN ENTRY--PERSONAL NAME
Personal name Smith, K. V. H
245 10 - TITLE STATEMENT
Title Hydraulic design in water resources engineering
Statement of responsibility, etc. edited by K.V.H. Smith
246 ## - VARYING FORM OF TITLE
Title proper/short title land drainage
260 ## - PUBLICATION, DISTRIBUTION, ETC.
Date of publication, distribution, etc. 1986
350 ## - PRICE (NR) (BK AM CF MU VM SE) [OBSOLETE]
Price 0.00
995 ## - RECOMMENDATION 995 [LOCAL, UNIMARC FRANCE]
-- 0.00
-- CBU-MAIN LIBRARY (Kitwe)
-- 1
-- 125.00
-- AVAILABLE
-- Main Library Open Access Collection
Holdings
Withdrawn status Lost status Source of classification or shelving scheme Damaged status Not for loan Home library Current library Shelving location Date acquired Total Checkouts Full call number Barcode Date last seen Price effective from Koha item type
          CBU-MAIN LIBRARY, KITWE. CBU-MAIN LIBRARY, KITWE.   11/30/2022   TS 621 Hyd 015997 11/30/2022 11/30/2022 MONOGRAPH